Geography Quiz

Random Geography or State Quiz

US States Minesweeper III Quiz Stats

 Plays Quiz Updated Apr 18, 2018

Score 0/39 Timer 05:00
91 Plays Today
% Correct
???
86.5%
???
78.1%
???
78.1%
???
77.5%
???
77%
???
75.9%
???
72.9%
???
71.9%
???
71.2%
???
68.9%
???
67.4%
???
67.1%
???
67%
???
65.5%
???
64.9%
???
64.3%
???
64.1%
???
64%
???
63.7%
???
63.5%
% Correct
???
63%
???
62.8%
???
62%
???
60.5%
???
59.7%
???
57.6%
???
56.8%
???
54.3%
???
52.3%
???
50.9%
???
50.8%
???
50.1%
???
49.5%
???
48.5%
???
48.2%
???
47.8%
???
47.6%
???
46.9%
???
43.8%

You're not logged in!

Compare scores with friends on all Sporcle quizzes.
OR
Log In

Sporcle TV

Today on Sporcle TV


Watch our educational content, quiz creation guides, and fun videos on Sporcle TV.

Show Comments

Extras

Top Quizzes Today


Score Distribution

Your Account Isn't Verified!

In order to create a playlist on Sporcle, you need to verify the email address you used during registration. Go to your Sporcle Settings to finish the process.

Report this User

Report this user for behavior that violates our Community Guidelines.

Details: